Great Expectations / (Record no. 5260)

MARC details
000 -LEADER
fixed length control field 01176nam a22003017a 4500
001 - CONTROL NUMBER
control field 5260
003 - CONTROL NUMBER IDENTIFIER
control field FISKH
005 - DATE AND TIME OF LATEST TRANSACTION
control field 20241121144401.0
008 - FIXED-LENGTH DATA ELEMENTS--GENERAL INFORMATION
fixed length control field 241121b cb ||||| |||| 00| 0 eng d
020 ## - INTERNATIONAL STANDARD BOOK NUMBER
International Standard Book Number 0195854535
040 ## - CATALOGING SOURCE
Original cataloging agency FISKH
Language of cataloging eng
Transcribing agency FISKH
Modifying agency FISKH
050 ## - LIBRARY OF CONGRESS CALL NUMBER
Classification number PE1128
082 ## - DEWEY DECIMAL CLASSIFICATION NUMBER
Classification number 428.6
100 ## - MAIN ENTRY--PERSONAL NAME
Personal name Dickens, Charles
245 ## - TITLE STATEMENT
Title Great Expectations /
Statement of responsibility, etc. by Charles Dickens
250 ## - EDITION STATEMENT
Edition statement First published 1993
260 ## - PUBLICATION, DISTRIBUTION, ETC.
Place of publication, distribution, etc. New York :
Name of publisher, distributor, etc. Oxford Unversity Press ;
Date of publication, distribution, etc. 1993 .
300 ## - PHYSICAL DESCRIPTION
Extent 89 pages :
Other physical details color illustrations ;
Dimensions 21 cm .
490 ## - SERIES STATEMENT
Series statement Oxford Progressice English Readers
Volume/sequential designation Stage 3
505 ## - FORMATTED CONTENTS NOTE
Formatted contents note Z <br/>
520 ## - SUMMARY, ETC.
Summary, etc. This popular series of readers has now been completely revised and updated, using a new syllabus and new word structure lists. Readability has been ensured by means of specially designed computer software. Words that are above level but essential to the story are explained within the text,ilustrated, and then reused for maximum reinforcement.
521 8# - TARGET AUDIENCE NOTE
Target audience note 1150 <br/>
Source Lexile <br/>
521 8# - TARGET AUDIENCE NOTE
Target audience note Z <br/>
Source Raz-Plus <br/>
650 ## - SUBJECT ADDED ENTRY--TOPICAL TERM
Topical term or geographic name entry element 19 th century
Form subdivision fiction
700 ## - ADDED ENTRY--PERSONAL NAME
Personal name Chan, K.Y .
Relator term illustrator
942 ## - ADDED ENTRY ELEMENTS (KOHA)
Source of classification or shelving scheme Dewey Decimal Classification
Koha item type Books
Suppress in OPAC No
Holdings
Withdrawn status Lost status Source of classification or shelving scheme Damaged status Not for loan Collection Home library Current library Shelving location Date acquired Total Checkouts Full call number Barcode Date last seen Price effective from Koha item type
    Dewey Decimal Classification     Fiction Footprints International School Library Network Toul Kork Campus Footprints International School Library Network Toul Kork Campus TTP Secondary Fiction Bookshelves 11/21/2024   DIC 428.6 PE1128 2024-2352 11/21/2024 11/21/2024 Books